书目信息 |
| 题名: |
布什家族的战争
|
|
| 作者: | 艾里克·罗朗 主编 | |
| 分册: | ||
| 出版信息: | 北京 世界知识出版社 2003.04 |
|
| 页数: | 207页 | |
| 开本: | 21cm | |
| 丛书名: | ||
| 单 册: | ||
| 中图分类: | D771.2 | |
| 科图分类: | ||
| 主题词: | 政治 | |
| 电子资源: | ||
| ISBN: | 7-5012-2025-5 | |
| 000 | 00577nam0 2200193 450 | |
| 001 | 0655941950 | |
| 005 | 20061030152619.05 | |
| 010 | @a7-5012-2025-5@dCNY18.00 | |
| 100 | @a20060524d2003 km y0chiy0120 ea | |
| 101 | 0 | @achi |
| 102 | @aCN@b110000 | |
| 200 | 1 | @a布什家族的战争@Abu shen jia zu de zhan zheng@f(法)艾里克·罗朗主编@F(fa)ai li ke·luo lang zhu bian |
| 210 | @a北京@c世界知识出版社@d2003.04 | |
| 215 | @a207页@d21cm | |
| 606 | 0 | @a政治 |
| 690 | @aD771.2@v4 | |
| 701 | 0 | @a艾里克·罗朗@Aai li ke·luo lang@4主编 |
| 801 | 0 | @aCN@bPFT@c20061030 |
| 905 | @aBZT@dD771.2@e15 | |
| 布什家族的战争/(法)艾里克·罗朗主编.-北京:世界知识出版社,2003.04 |
| 207页;21cm |
| ISBN 7-5012-2025-5:CNY18.00 |
| ● |
| 相关链接 |
|
|
|
正题名:布什家族的战争
索取号:D771.2/15
 
预约/预借
| 序号 | 登录号 | 条形码 | 馆藏地/架位号 | 状态 | 备注 |
| 1 | 444520 | 230002030 | 中心书库南/012架A面5层2列/ [索取号:D771.2/15] | 在馆 | |
| 2 | 444521 | 230002031 | 中心书库南/012架A面5层2列/ [索取号:D771.2/15] | 在馆 | |
| 3 | 444522 | 230002032 | 中心书库南/012架A面5层2列/ [索取号:D771.2/15] | 在馆 | |
| 4 | 444523 | 230002033 | 中心书库南/012架A面5层2列/ [索取号:D771.2/15] | 在馆 | |
| 5 | 444524 | 230002034 | 中心书库南/012架A面5层2列/ [索取号:D771.2/15] | 在馆 | |
| 6 | 460854 | 230061476 | 中心书库南/012架A面5层2列/ [索取号:D771.2/15] | 在馆 | |
| 7 | 460855 | 230061477 | 中心书库南/012架A面5层2列/ [索取号:D771.2/15] | 在馆 | |
| 8 | 460856 | 230061478 | 中心书库南/012架A面5层2列/ [索取号:D771.2/15] | 在馆 | |
| 9 | 460857 | 230061479 | 中心书库南/012架A面5层2列/ [索取号:D771.2/15] | 在馆 | |
| 10 | 460858 | 230061480 | 中心书库南/012架A面5层2列/ [索取号:D771.2/15] | 在馆 | |
| 11 | 515486 | 230088705 | 中心书库南/012架A面5层2列/ [索取号:D771.2/15] | 在馆 | |
| 12 | 515487 | 230088707 | 中心书库南/012架A面5层2列/ [索取号:D771.2/15] | 在馆 | |
| 13 | 515488 | 230088709 | 中心书库南/012架A面5层2列/ [索取号:D771.2/15] | 在馆 | |
| 14 | 515489 | 230088724 | 中心书库南/012架A面5层2列/ [索取号:D771.2/15] | 在馆 | |
| 15 | 515490 | 230088711 | 中心书库南/012架A面5层2列/ [索取号:D771.2/15] | 在馆 |